المدخل فى علم الإجتماع المعاصر /
بدأ علم الإجتماع يشغل الرأى العام منذ العشرينات من هذا القرن، ولم ينل العلم اهتماما ملحوظا فى بداية الأمر، فقد كان فى حالة سكون بالولايات المتحدة الأمريكية، إلا أنه وجد طريقه الأكاديمى منذ نهاية الحرب العاليمة الثانية فى بريطانيا....
Saved in:
| 主要作者: | |
|---|---|
| 其他作者: | , |
| 格式: | 图书 |
| 语言: | 阿拉伯语 |
| 出版: |
الأسكندرية :
دار المعرفة الجامعية،
2002.
|
| 主题: | |
| 在线阅读: | http://dar.bibalex.org/webpages/mainpage.jsf?PID=DAF-Job:34271 |
| 标签: |
添加标签
没有标签, 成为第一个标记此记录!
|
MARC
| LEADER | 00000nam a22000007a 4500 | ||
|---|---|---|---|
| 003 | INP | ||
| 005 | 20181118151022.0 | ||
| 008 | 121219s2002 ua frb 000 0 ara d | ||
| 952 | |0 0 |1 0 |4 0 |6 301_000000000000000_غ_ع |7 0 |8 arabic_Boo |9 2238 |a INP |b INP |c MAIN |d 2018-03-15 |l 0 |o 301 غ ع |p 002018 |r 2022-03-28 00:00:00 |w 2018-03-15 |y BK |0 0 | ||
| 999 | |c 1536 |d 1536 | ||
| 040 | |a EG-INP |c EG-INP |b ara | ||
| 082 | 0 | 4 | |a 301 |b غ ع |2 21 |
| 100 | 1 | |a أحمد، غريب محمد سيد. | |
| 245 | 1 | 2 | |a المدخل فى علم الإجتماع المعاصر / |c تأليف غريب سيد أحمد، عبد الباسط محمد عبد المعطى، على جلبى. |
| 260 | |a الأسكندرية : |b دار المعرفة الجامعية، |c 2002. | ||
| 300 | |a 465 ص. ؛ |c 25 سم | ||
| 504 | |a يشتمل على ارجاعات ببليوجرافية (ص. 451-465). | ||
| 520 | |a بدأ علم الإجتماع يشغل الرأى العام منذ العشرينات من هذا القرن، ولم ينل العلم اهتماما ملحوظا فى بداية الأمر، فقد كان فى حالة سكون بالولايات المتحدة الأمريكية، إلا أنه وجد طريقه الأكاديمى منذ نهاية الحرب العاليمة الثانية فى بريطانيا. | ||
| 650 | 7 | |a الاجتماع |2 qrmak |x علم. | |
| 650 | 7 | |a علم الإجتماع. |2 qrmak | |
| 700 | 1 | |a عبد المعطى، عبد الباسط، |e مؤلف مشارك. | |
| 700 | 1 | |a جلبي، علي عبد الرازق، |e مؤلف مشارك. | |
| 856 | |u http://dar.bibalex.org/webpages/mainpage.jsf?PID=DAF-Job:34271 | ||
| 901 | |a EGPV3 | ||
| 902 | |a EGPV5 | ||
| 903 | |a copycat | ||
| 942 | |c BK |2 ddc | ||